Представление документа в формате MARC21

Поле Инд. ПП Название Значение
Тип записи a
Библиографический уровень m
001 Контрольный номер 818649b0-2ac2-4a1b-a24c-6da7babb57cb
005 Дата корректировки 20210202085945.2
008 Кодируемые данные 051212
040 a Служба первич. каталог. НБ ТвГУ
041 0_ a Код языка текста rus
080 a Индекс УДК 54(075.8)
084 a Индекс другой классификации/Индекс ББК Г11я73-1
090 a Полочн. индекс Г11
x Авторский знак А 65
100 1_ a Автор Андреева Галина Иосифовна
e Роль лиц Автор
245 10 a Заглавие Основные законы и понятия химии
b Продолж. заглавия учебно-методическое пособие для студентов 1 курса специальностей: направление 510500 - Химия, специальность 011000 - Химия, специальность 011600 - Биология, специальность 012500 - География, специальность 013100 - Экология, специальность 013600 - Геоэкология, специальность 071900 - Информационные системы
c Ответственность Г. И. Андреева, В. М. Никольский, Т. А. Щербакова ; Тверской государственный университет
260 0_ a Место издания Тверь
b Издательство Тверской государственный университет
c Дата издания 2005
300 a Объем 51 с.
b Иллюстрации/ тип воспроизводства табл.
504 a Библиография Библиогр.: с. 49
583 a Действие Получение впервые 404 12.12.2005
k Исполнитель действия РИО
653 0_ a Ключевые слова Общая химия
a Ключевые слова Неорганическая химия
a Ключевые слова Основные законы химии
a Ключевые слова Основные понятия химии
a Ключевые слова Учебники для вузов
a Ключевые слова Труды Тверского государственного университета
700 1_ a Другие авторы Никольский Виктор Михайлович
e Роль лиц Автор
700 1_ a Другие авторы Щербакова Тамара Александровна
e Роль лиц Автор
901 t Тип документа m
920 a Оператор Суха
a Оператор Поля
a Оператор Стро
930 a Новая/Ретро новая
952 p 404.2005 16.00 1 828632
p 404.2005 16.00 1 828633
p 404.2005 б/ц 95 б/н
c Вид литературы Б ум
954 a Дата поступления на обработку 20051213
954 a Дата поступления на обработку 20200914
c Дата окончания ОНО 20201001
954 a Дата поступления на обработку 20210118
c Дата окончания ОНО 20210202